[Event "Capablanca Memorial Elite 33rd"]
[Site "Havana"]
[Date "1998.05.20"]
[Round "10"]
[White "Becerra Rivero, Julio"]
[Black "Vera Gonzalez Quevedo, Reynaldo"]
[Result "1-0"]
[WhiteElo "2465"]
[BlackElo "2535"]
[Annotator "Tyomkin,D"]
[PlyCount "73"]
[EventDate "1998.05.07"]
[EventType "tourn"]
[EventRounds "11"]
[EventCountry "CUB"]
[EventCategory "12"]
[SourceTitle "CBM 065"]
[Source "ChessBase"]
[SourceDate "1998.08.06"]
[SourceVersion "1"]
[SourceVersionDate "1998.08.06"]
[SourceQuality "1"]

{[%mdl 8832]} 1. e4 c5 2. Nf3 d6 3. d4 cxd4 4. Nxd4 Nf6 5. Nc3 a6 6. Bg5 e6 7.
f4 Be7 8. Qf3 Qc7 9. O-O-O Nbd7 10. g4 b5 11. Bxf6 Nxf6 12. g5 Nd7 13. h4 b4
14. Nce2 Nc5 (14... Bb7 15. Kb1 (15. Ng3 g6 16. Bh3 (16. Bd3 O-O-O 17. Rhe1 Kb8
18. Kb1 Qb6 19. Bf1 Bf8 20. Qe2 e5 21. fxe5 Nxe5 $15 {Reinhardt,E-Najdorf,M/
Buenos Aires 1965/0-1(32)}) 16... O-O-O 17. Qe2 Kb8 18. Rhf1 e5 19. fxe5 Nxe5
$15 {Ady,J-Howell,J/BCF-ch 1983/0-1(22)}) 15... Nc5 16. Ng3 O-O-O 17. Bg2 Kb8
18. Qe3 Rc8 19. Qd2 Qb6 20. f5 $14 {Ljubojevic,L-Portisch,L/Turin 1982/1/2-1/2
(127)}) 15. Ng3 g6 (15... Bb7 16. f5 d5 17. fxe6 O-O 18. exf7+ Rxf7 19. Ngf5
Nxe4 $13 {Hammar,B-Eriksson,A/SVE-ch 1985/1-0(40)}) (15... Bd7 16. f5 g6 17. f6
Bd8 18. h5 $16 {Mukhin,V-Utemov,V/Moscow-ch 1994/1-0(35)}) 16. h5 $146 (16. Bg2
Bb7 17. Qf2 O-O-O 18. Nb3 Nxb3+ 19. axb3 Kb8 20. Rd3 h6 $15 {Prie,E-Sellos,D/
Paris-ch 1988/0-1(39)}) (16. Kb1 Bb7 17. Bg2 a5 18. h5 O-O-O 19. c3 Kb8 20. c4
Qb6 21. Nb5 Ba6 22. Qe2 e5 23. Rhf1 Bxb5 24. cxb5 Ne6 $15 {Gofshtein,L-Kaspi,A/
Czerniak mem 1996/0-1(40)}) (16. Rh2 Bb7 17. Qe3 d5 $6 18. e5 O-O-O 19. h5 $14
{Aldama,D-Vera,R/CUB-ch 1993/1-0(39)}) 16... Rf8 (16... e5 $5 17. hxg6 fxg6 18.
Nde2 exf4 19. Qxf4 Ne6 20. Qf3 Bxg5+ 21. Kb1 $44) 17. hxg6 hxg6 18. Qe3 {
[%cal Ye3g5]} e5 (18... Bb7 19. Rh7 O-O-O $14) 19. fxe5 dxe5 20. Nf3 Be6 (20...
Bg4 $5 {[%cal Gc5e6]} 21. Be2 (21. Bh3 Bxf3 22. Qxf3 Bxg5+ 23. Kb1 Rd8 $15)
21... Bxf3 (21... Ne6 22. Qb3 $1 {[%cal Gb3a4]} Nxg5 23. Nxe5 $1 Bxe2 24. Nxe2
Rg8 25. Ng4 $16 {[%cal Ge4e5]}) 22. Bxf3 Ne6 23. Qb3 {[%cal Rb3a4]} Qc6 $15 {
[%csl Rg5][%cal Ge6d4]}) 21. Kb1 {[%csl Re8] @} Na4 22. Bh3 Rc8 23. Qe2 Qb6 {
[%cal Ra4c3]} 24. Ka1 Qa5 25. Rd5 $5 {White opens position by sacrifice of
exchange.} Bxd5 26. exd5 Rc7 $1 {[%cal Yc7e7]} (26... Rd8 27. Re1 $1 (27. Nxe5
Qb5 $1) 27... Rxd5 28. Nxe5 Nc3 $3 29. Qc4 {[%cal Rc4c6]} (29. bxc3 b3 30. cxb3
Qxc3+ 31. Kb1 Rd2 (31... Qxg3 32. Nc6 $18) 32. Bd7+ Kd8 33. Nc6+ Kxd7 34. Qxe7+
Kxc6 $19) 29... Qc5 30. Qxa6 $16) 27. Nxe5 $2 (27. Rd1 $142 $44) 27... b3 $4 {
entering to the forced variation which is lost for black} (27... Qxd5 28. Rd1 (
28. Qxa6 Nxb2 $1) 28... Qb5 29. Qxb5+ axb5 30. Bd7+ Rxd7 31. Nxd7 Rh8 32. Ne4
Rh4 (32... Rh2 33. Kb1) 33. Nef6+ Bxf6 34. Nxf6+ (34. gxf6 Re4) 34... Ke7 $15 {
[%csl Ra1,Rg5]}) 28. cxb3 Nc3 29. bxc3 Qxc3+ 30. Kb1 Qxg3 31. Nc4 $18 {[%cal
Rd5d6]} Rh8 32. d6 Rxh3 33. Rxh3 Qxh3 34. dxc7 Kf8 35. Nb6 Qf5+ 36. Qc2 Qf1+
37. Kb2 1-0

[Event "Hastings 9798"]
[Site "Hastings"]
[Date "1997.12.29"]
[Round "1"]
[White "Relange, Eloi"]
[Black "Sadler, Matthew D"]
[Result "0-1"]
[WhiteElo "2505"]
[BlackElo "2665"]
[Annotator "Tyomkin,D"]
[PlyCount "68"]
[EventDate "1997.12.29"]
[EventType "tourn"]
[EventRounds "9"]
[EventCountry "ENG"]
[EventCategory "13"]
[SourceTitle "CBM 063"]
[Source "ChessBase"]
[SourceDate "1998.03.26"]
[SourceVersion "1"]
[SourceVersionDate "1998.03.26"]
[SourceQuality "1"]

1. e4 {Rodriguez,Am} c5 2. Nf3 d6 3. d4 cxd4 4. Nxd4 Nf6 5. Nc3 a6 6. Bg5 e6 7.
f4 Be7 8. Qf3 Qc7 9. O-O-O Nbd7 10. g4 b5 11. Bxf6 Nxf6 12. g5 Nd7 13. f5 Bxg5+
14. Kb1 Ne5 15. Qh5 Qd8 {Rodriguez: There is also 15...Qe7 but the retreat to
d8 is the most popular by aproximately a 2:1 ratio. The following game is just
one introductory example.} (15... Qe7 {Rodriguez,Am} 16. Nxe6 Bxe6 17. fxe6 g6
18. exf7+ Kxf7 19. Qh3 Kg7 20. Nd5 Qa7 $6 $146 (20... Qd8) 21. Qe6 $1 Qc5 22.
h4 Rae8 $8 23. Qh3 Bh6 24. Be2 $1 Ref8 25. Qe6 $1 Rf2 26. Rhf1 Rhf8 27. b4 $3
Qc6 (27... Qa7 28. Qxd6 Nf7 29. Qe6 $18 Rxe2 $140 $2 30. Qf6+ Kg8 31. Ne7+) 28.
Rxf2 $1 Rxf2 29. Rf1 Rxf1+ 30. Bxf1 Bd2 31. Qf6+ Kh6 32. Qf2 {1-0 Amador
Rodriguez-Sulipa/Albacete open 1996/Inf 67}) 16. Nxe6 ({Rodriguez: It was
always thought that} 16. Rg1 {was stronger but recently the capture on e6 has
gained popularity. In any case 16.Rg1 is another tough move to meet but Sadler
is well prepared indeed as this game shows.} Bf6 17. fxe6 O-O 18. Bh3 g6 19.
Nd5 fxe6 20. Bxe6+ Kh8 21. Qe2 {1/2-1/2 Lalic,B-Sadler,M/Monarch Assurance,
Port Erin ENG 1997}) (16. fxe6) (16. h4) 16... Bxe6 17. fxe6 O-O (17... g6 {
Tyomkin,D} 18. exf7+ (18. Qh3 O-O 19. exf7+ Kh8 20. Qe6 Nxf7 21. h4 Bxh4 22.
Be2 Ra7 23. Nd5 Ne5 24. Nb4 Be7 25. Nd3 Qc8 26. Qd5 Bf6 27. Nf4 Bg7 28. Rdf1
Rf6 $17 {Cullip,S-Gallagher,J/London Lloyds 1990/0-1(40)}) 18... Kxf7 (18...
Nxf7 19. Qg4 Bh4 20. Bg2 Ra7 21. e5 Nxe5 22. Qd4 Rf7 23. Ne4 $16 {Bailey,
D-Basanta,G/Canada zt 1989/1-0(48)}) 19. Qh3 (19. Qe2 Kg7 $1 $13 {Browne} (
19... Rf8 $6 20. h4 $1 Bxh4 21. Qh2 g5 22. Nd5 $146 {/\ Ne3-d5 Browne} (22. Be2
Kg7 23. Qh3 Qc8 24. Qe3 Qc5 25. Qd2 Rf2 26. Nd5 Nf3 27. Qd3 Ne5 28. Qd2 Nf3 29.
Qd3 {1/2-1/2 Wittmann,W-Freitag/Oberwart op 1991})) 20. Nd5 (20. Bh3 Re8 21.
Rhf1 Ra7 22. Qf2 Rf7 23. Qd4 Bf6 24. Nd5 Nf3 25. Qe3 Nxh2 26. Rxf6 $44 {
Thorhallsson,T-Christiansen,L/Reykjavik op 1988/1-0(36)}) 20... Ra7 (20... Rf8
21. h4 Bh6 22. h5 Bg5 23. hxg6 hxg6 24. Bh3 Ra7 25. Be6 $36 {Krakops,M-Ruck,R/
WchJM U16 Bratislava 1993/1/2-1/2 (57)}) 21. Bh3 Rf8 22. Rhf1 Raf7 23. Rxf7+
$11 {Van der Weij,A-Krudde,F/Dieren op 1990/1/2-1/2(48)}) 19... Kg7 (19... Ra7
20. Ne2 {[%csl Re6][%cal Ge2d4]} (20. Nd5 Kg7 21. Qa3 $1 {>< b5} Qb8 22. h4 $1
$16) (20. Be2 Kg7 21. Rd5 Qe7 22. Qg3 Bh4 23. Qe3 Rc7 24. Rf1 Rhc8 25. Qd4 Rc6
26. a3 Bf6 27. Qg1 Nc4 28. Bxc4 Rxc4 $17 {Gempe,A-Koglin,A/DBL 1996/1/2-1/2(38)
}) 20... Re7 21. Nd4 Qc8 22. Qb3+ Nc4 23. Bxc4+ Qxc4 24. Rhf1+ Kg7 25. Qg3 $18
{McDonald,N-Abbasi,N/Burlington 1994/1-0(40)}) 20. Qe6 Nf7 21. h4 (21. Bh3 Re8
22. Qd5 Re5 23. Qd4 Bf6 $13 {Browne}) 21... Bf6 (21... Bxh4 $2 22. e5 $1 Nxe5
23. Rxd6 Qf6 24. Bg2 Rae8 25. Qxf6+ Bxf6 26. Ne4 $16 {Browne}) 22. h5 Qc8 $1
23. h6+ (23. Qxc8 Raxc8 24. Nd5 Be5 25. Bh3 Rc4 $15) 23... Nxh6 24. Qxd6 Nf7 (
24... Bxc3 $2 25. bxc3 Qxc3 26. e5 $1 Qf3 $2 27. Qf6+ $18) 25. Qg3 Bxc3 26.
bxc3 Rd8 $1 $15 {de Firmian,N-Browne,W/USA (ch) 1987/1/2-1/2(56)}) 18. Rg1 (18.
Bh3 {Tyomkin,D} g6 19. Qe2 fxe6 20. Bxe6+ Kh8 21. h4 Bf6 22. h5 g5 23. Rhf1 h6
24. Nd5 Bg7 25. Rxf8+ Qxf8 26. Rf1 $14 {Adams,M-Hodgson,J/Wijk m 1993/1/2-1/2
(36)}) 18... Bf6 (18... h6 19. Bh3 g6 20. exf7+ Kg7 21. Qe2 Rxf7 22. Nd5 Raa7
23. a3 Rf8 24. Rgf1 Raf7 $11 {Sanchez Almeyra,J-Gallagher,J/Ticino op 1992/1-0
(62)} (24... Raf7 {Nunn} 25. Rxf7+ Rxf7 26. Rf1 Qe8 27. Rxf7+ Qxf7 $11 {
Sanchez Almeyra-Gallagher (Ticino 1992)})) 19. exf7+ (19. Bh3 Kh8 20. Nd5 g6
21. Qe2 fxe6 22. Bxe6 Bg7 {Rodriguez,Am} 23. Rdf1 Qa5 24. Nf4 Nc4 25. c3 Rae8
26. Bd5 Bxc3 $6 27. bxc3 Qxc3 (27... Na3+ $2 28. Kb2 Rc8 29. Qd3 Nc4+ 30. Bxc4
bxc4 31. Qd4+ Kg8 32. Qd5+ {1-0 Dominguez,C-Quinones/Mar del Plata 1961}) 28.
Bxc4 bxc4 29. Qb2 Qxb2+ (29... Rb8 $4 30. Nxg6+ $18) 30. Kxb2 $16) 19... Kh8
20. Nd5 g6 21. Qh3 Rxf7 (21... Bg7 22. Be2 Rxf7 23. Qg3 Nc4 24. Bxc4 bxc4 25.
c3 Qe8 26. Qe3 Rb8 27. Rd2 Qe5 $13 {Basagic-Gralka (Sofia 1979)}) 22. Nf4 {
[%cal Rf4g6]} Qd7 23. Qb3 Qc6 24. Bh3 (24. Nd5 Bg7) 24... Bg7 25. Rgf1 Raf8 26.
Ne6 Rxf1 27. Bxf1 (27. Rxf1 Rxf1+ 28. Bxf1 Qxe4 $17) 27... Rf2 28. a4 {
Rodriguez: And here we are just 6 moves away from the end of the game. It
happens that Sadler had played an identical game against Oll 5 months ago
during an open tournament in Denmark in July and this time he comes better
prepared.} bxa4 $5 $146 {And what do you think about the novelty on28th move?!!
} (28... b4 29. h3 h6 30. Nd4 Qc8 31. Qe6 Qb7 (31... Rxc2 32. Bxa6 (32. Qxd6
Nc4 33. Bxc4 Rxc4) 32... Qxe6 33. Nxe6 Rh2 34. Nxg7 (34. Rxd6 b3 $1 (34... Nf7
35. Rd7 Rxb2+ 36. Kc1 Rf2 37. Nxg7 Kxg7 38. Bc4 $18 {[%cal Ra4a5]})) 34... Kxg7
35. Rxd6 b3 36. Rd1 {[%cal Ga4a5,Ga6b5]} Rc2) 32. Qd5 Qc8 33. Qxd6 b3 34. cxb3
Nf3 35. Bxa6 $1 $18 {Rodriguez,Am} (35. Bc4 Nd2+ 36. Rxd2 Rxd2 37. e5 Qe8 38.
Qc6 Qf8 39. Qe4 $36 {Oll,L-Sadler,M/Open, Koge DEN 1997/1-0(63)})) 29. Qb8+ Bf8
30. Nxf8 $4 (30. Qc7 Qxc7 31. Nxc7 Rxh2 32. Bxa6 Rf2 (32... g5 33. Ne6 Be7 34.
Nd4 {[%cal Gd4f5]}) 33. Ne6 Be7 $17 {[%cal Gh7h5]}) (30. Rc1 Kg8 $15) (30. Nd4
{Pherhaps the best.} Qxe4 31. Bxa6 Ng4 $13 {Black is pawn up,but it doesn't
mean anything in this position.} 32. Qb4 Ne3 33. Bd3 Qf4 34. Re1 a3 $5 35. bxa3
Nd5 $36 {[%cal Gf4d2]}) 30... Qxc2+ $19 31. Ka2 {Rodriguez: Now it is time for
the best part of the story. We have been following exactly Oll notes in Chess
Informant 70 that came out precisely by the time the Hastings tournament was
being played. Here I cannot speculate of course, maybe Relange had not seen
that game at all but the fact is that the analysis by Oll which he follows
loses by force after the next nice move!} Nc6 $1 {Rodriguez: A move that
Fritz5 could not afford to miss and in fact just a couple of seconds was all
it needed to show it.} (31... Qb3+ $2 32. Qxb3 axb3+ 33. Kxb3 Rxf8 34. Bxa6) (
31... Kg7 {Rodriguez,Am} 32. Ne6+ Kh6 33. Qb6 {! Oll, but here} (33. Qb7 {Nunn}
Rxf1 34. Rxf1 Qc4+ 35. Ka3 Qxf1 36. Qg7+ Kh5 37. Qxh7+ Kg4 $19) 33... Rf3 {
looks very strong to me, for instance:} 34. Qxd6 Qb3+ 35. Kb1 Nd3 $1 $19) 32.
Nxg6+ (32. Qb7 {Rodriguez,Am} Rxf8 {/\ Qxd1; /\ a5}) (32. Qb6 {Rodriguez,Am}
Qxd1 33. Qxf2 Nb4+ 34. Ka3 Qb3#) 32... Kg7 33. Qc7+ (33. Qh8+ Kh6 $1) 33... Rf7
(33... Kh6 $19) 34. Qb6 (34. Qxd6 Rxf1 $1 35. Rxf1 Qc4+ $19) {[%tqu "En","Find
the final move of this game","","","a6a5","",10,"a6a5","",0]} 34... a5 $1 {
[%cal Gc6b4]} (34... a5 35. Re1 Nb4+ 36. Ka1 Qxe4 $1 37. Rc1 Qd5 $19) (34...
Qxd1 35. Bc4 {also wins}) 0-1

[Event "London"]
[Site "London"]
[Date "1997.10.19"]
[Round "3"]
[White "McDonald, Neil R"]
[Black "Rowson, Jonathan"]
[Result "0-1"]
[WhiteElo "2490"]
[BlackElo "2490"]
[Annotator "Tyomkin,D"]
[PlyCount "88"]
[EventDate "1997.10.18"]
[EventType "tourn"]
[EventRounds "9"]
[EventCountry "ENG"]
[EventCategory "10"]
[SourceTitle "CBM 062"]
[Source "ChessBase"]
[SourceDate "1998.01.31"]
[SourceVersion "1"]
[SourceVersionDate "1998.01.31"]
[SourceQuality "1"]

1. e4 c5 2. Nf3 d6 3. d4 Nf6 4. Nc3 cxd4 5. Nxd4 a6 6. Bg5 e6 7. f4 Be7 8. Qf3
Qc7 9. O-O-O Nbd7 10. g4 b5 11. Bxf6 Bxf6 12. g5 Bxd4 13. Rxd4 Bb7 14. Bh3 $146
{aimed against e6-e5} (14. Be2 {Tyomkin,D} O-O 15. Rhd1 Nb6 (15... Nc5 $6 16.
b4 Na4 (16... Rac8 17. bxc5 Qxc5 18. Kb2 b4 19. Nb1 Qxc2+ 20. Ka1 $16) 17. Nxa4
bxa4 18. Rxd6 $16) (15... Rac8 $1 16. Rxd6 $140 $6 Nc5) 16. Qe3 (16. Rxd6 $5
Nd5 $1 {[%csl Rd6]} (16... b4 17. Qe3 $1 (17. Nb1 Nd5 $1 {[%csl Rd6]}) 17...
bxc3 18. Qxb6 (18. Rxb6 Bxe4) 18... cxb2+ 19. Kxb2 Qxb6+ 20. Rxb6 Bxe4 21. Bxa6
$16) 17. Nxd5 (17. e5 $6 Rac8 $1 {[%csl Rc2,Rf3][%cal Gb5b4]}) 17... Bxd5 18.
R6xd5 exd5 19. Rxd5 $13 {B+PP:R}) 16... Rac8 17. f5 d5 18. fxe6 fxe6 19. exd5
Bxd5 20. Rh4 $2 (20. Bd3 $142 $1 $16) 20... g6 21. Bg4 Rfe8 22. Rxd5 exd5 23.
Be6+ Rxe6 24. Qxe6+ $11 {Becerra Rivero,J-Herrera,I/CUB-ch Holguin 1991/0-1(57)
}) (14. Bg2 $5 $146 {[%csl Ge4]} O-O 15. Rhd1) 14... O-O 15. Rhd1 Rac8 $1 {
looking narrowly to c2-point} 16. Rxd6 $2 (16. Qe2 {[%csl Yc2][%cal Ye2c2]} Nc5
(16... Nb6 $5 17. Rxd6 $140 $2 b4 {[%cal Gb6c4,Yc7f4]}) 17. f5 (17. Bg2 e5 $1)
17... e5 (17... Qe7 $5) 18. Rxd6 b4 19. Nd5 Bxd5 20. R6xd5 b3 21. axb3 Nxb3+
22. Kb1 Nd4 $132) (16. Qf2 Nc5 $132) {[%tqu "En","","","","d7c5","",10]} 16...
Nc5 {[%cal Rb5b4,Rc5e4]} 17. R6d4 {[%tqu "En","","","","c5e4","",10]} Nxe4 $1
$17 18. Rxe4 (18. Rd7 Nxc3 19. Qxc3 Qxc3 20. bxc3 Rxc3 21. Rxb7 Rxh3 $17) 18...
b4 19. Qf2 bxc3 20. Rb4 {[%tqu "En","","","","b7e4","",0,"c7a5","",10]} Be4 $2
(20... Qa5 $1 21. a3 (21. Rxb7 Qxa2 22. bxc3 Qa1+ 23. Rb1 Qa3+ 24. Kd2 (24. Rb2
Rb8) 24... Qxc3+ $19) {[%tqu "En","","","","b7e4","",10]} 21... Be4 $1 $17 {
[%cal Rc3b2]} 22. Rxe4 cxb2+ 23. Kxb2 Rc3 $1 (23... Qc3+ 24. Ka2 Rb8 25. Rb4)
24. a4 Rxh3 $17) 21. b3 {Be4 is inviolable} (21. Rxe4 Qb7 22. Rdd4 Qxb2+ 23.
Kd1 Qb1+ 24. Ke2 Qxc2+ 25. Kf1 Qxf2+ 26. Kxf2 c2 $19) 21... Qe7 22. Qd4 Bf3 23.
Rd3 a5 24. Ra4 Rfd8 25. Qe3 Rxd3 26. Qxd3 Bh5 27. Bg2 $2 (27. Rxa5 $142 Bg6 28.
Qd4 Qb7 $36) 27... e5 $1 {[%cal Re7c5]} (27... Qc5 28. Qd4) 28. Qh3 $2 (28. Qe3
$142 Qd8 $15) 28... Qc5 $19 29. Qxc8+ Qxc8 30. Rxa5 exf4 31. Ra8 Qxa8 32. Bxa8
Be2 33. a4 f3 34. b4 f2 35. Bg2 Kf8 36. b5 f1=Q+ 37. Bxf1 Bxf1 38. Kb1 Bc4 39.
b6 Ba6 40. Ka2 Ke7 41. Kb3 Kd6 42. Kb4 Kc6 43. a5 f5 44. gxf6 gxf6 0-1